[Event "POL-ch rapid"]
[Site "Trzcianka"]
[Date "2020.10.18"]
[Round "2"]
[White "Nadstoga, Wojciech"]
[Black "Pakleza, Zbigniew"]
[Result "0-1"]
[WhiteElo "1924"]
[BlackElo "2501"]
[PlyCount "96"]
[EventDate "2020.10.18"]
[EventType "swiss (rapid)"]
[EventRounds "9"]
[EventCountry "POL"]
[SourceTitle "CBM 198 Extra"]
[Source "ChessBase"]
[SourceDate "2020.11.30"]
[SourceVersion "1"]
[SourceVersionDate "2020.11.30"]
[SourceQuality "1"]

1. Nf3 d5 2. g3 Nf6 3. Bg2 Bf5 4. d3 e6 5. 0-0 Be7 6. Nbd2 h6 7. Qe1 0-0 8. e4 Bh7 9. e5 Nfd7 10. Qe2 c5 11. Re1 Nc6 12. h4 Rc8 13. Nf1 b5 14. a3 Re8 15. N1h2 Bf8 16. Bf4 a5 17. Rad1 a4 18. g4 b4 19. h5 bxa3 20. bxa3 Rb8 21. Rb1 Qa5 22. Bd2 Qc7 23. Bf4 Rxb1 24. Rxb1 Rb8 25. Rxb8 Qxb8 26. Bh3 Qb2 27. g5 hxg5 28. Nxg5 Ndxe5 29. Nxe6 fxe6 30. Bxe6+ Kh8 31. Bxd5 Qd4 32. Bxc6 Qxf4 33. Bg2 Bf5 34. Qe1 Bd6 35. Nf1 Nf3+ 36. Bxf3 Qxf3 37. Qe8+ Kh7 38. Qf7 Qg4+ 39. Kh1 Be6 40. Qg6+ Qxg6 41. hxg6+ Kxg6 42. Ne3 c4 43. d4 Bxa3 44. d5 Bf7 45. Kg1 c3 46. Nc4 Be7 47. d6 Bxc4 48. dxe7 Bb5 0-1

[Event "Poznan op 26th"]
[Site "Poznan"]
[Date "2018.08.20"]
[Round "3"]
[White "Nadstoga, Wojciech"]
[Black "Szafranski, Piotr"]
[Result "1-0"]
[WhiteElo "1928"]
[BlackElo "1670"]
[PlyCount "75"]
[EventDate "2018.08.19"]
[EventType "swiss"]
[EventRounds "9"]
[EventCountry "POR"]
[SourceTitle "CBM 186 Extra"]
[Source "ChessBase"]
[SourceDate "2018.08.24"]
[SourceVersion "1"]
[SourceVersionDate "2018.08.24"]
[SourceQuality "1"]

1. Nf3 d5 2. g3 c5 3. Bg2 Nc6 4. d3 e5 5. 0-0 Nf6 6. c3 Be7 7. Qc2 0-0 8. e4 d4 9. h3 Be6 10. c4 a6 11. Na3 Rb8 12. Ng5 Bd7 13. f4 Ne8 14. Nf3 f6 15. f5 b5 16. Qe2 bxc4 17. dxc4 Nd6 18. Ne1 a5 19. g4 a4 20. Rf3 Na5 21. Bf1 Bc6 22. h4 Nxe4 23. Nd3 Qc7 24. Rh3 Bd7 25. Qxe4 Bc6 26. Qe1 Bd6 27. Bd2 Nb7 28. Nb5 Bxb5 29. cxb5 c4 30. Rc1 Rfc8 31. Nf2 Qf7 32. Ne4 Be7 33. Bb4 Bxb4 34. Qxb4 d3 35. Bg2 Qd7 36. Rxc4 Rxc4 37. Qxc4+ Kh8 38. Rxd3 1-0

[Event "Gorzow Wielkopolski Lasker Memor-B 2nd"]
[Site "Gorzow Wielkopolski"]
[Date "2018.07.07"]
[Round "7.3"]
[White "Czuchnicki, Adam"]
[Black "Nadstoga, Wojciech"]
[Result "1/2-1/2"]
[WhiteElo "1966"]
[BlackElo "1933"]
[PlyCount "65"]
[EventDate "2018.07.02"]
[EventType "swiss"]
[EventRounds "7"]
[EventCountry "POL"]
[SourceTitle "EXT 2023"]
[Source "ChessBase"]
[SourceDate "2022.10.05"]
[SourceVersion "1"]
[SourceVersionDate "2022.10.05"]
[SourceQuality "1"]

1. d4 Nf6 2. c4 g6 3. Nc3 Bg7 4. e4 d6 5. f4 0-0 6. Nf3 c5 7. d5 e6 8. Be2 exd5 9. cxd5 Re8 10. Nd2 h5 11. h3 Na6 12. 0-0 Bd7 13. g4 hxg4 14. hxg4 Nh7 15. Kg2 f5 16. gxf5 gxf5 17. Bh5 Nf6 18. Bg6 Ng4 19. Qf3 Nb4 20. Nc4 Qf6 21. exf5 Bxf5 22. Bxf5 Qxf5 23. Nxd6 Qc2+ 24. Kh3 Nh2 25. Qh5 Nxf1 26. Qf7+ Kh8 27. Nxe8 Qh2+ 28. Kg4 Qg3+ 29. Kh5 Qh3+ 30. Kg5 Qg3+ 31. Kh5 Qf3+ 32. Kg5 Qg3+ 33. Kh5 1/2-1/2

[Event "POL-chT 3rd League Wielkopolska 12/13"]
[Site "Poznan"]
[Date "2013.03.10"]
[Round "11.13"]
[White "Nadstoga, Wojciech"]
[Black "Kozlowski, Tomasz"]
[Result "1-0"]
[WhiteElo "2039"]
[BlackElo "1981"]
[PlyCount "91"]
[EventDate "2012.11.25"]
[EventType "team-tourn"]
[EventRounds "11"]
[EventCountry "POL"]
[SourceTitle "EXT 2014"]
[Source "ChessBase"]
[SourceDate "2013.11.20"]
[SourceVersion "1"]
[SourceVersionDate "2013.11.20"]
[SourceQuality "1"]
[WhiteTeam "Wolsztyn UKS Szach"]
[BlackTeam "Srem LKS Piast"]
[WhiteTeamCountry "POL"]
[BlackTeamCountry "POL"]

1. Nf3 d5 2. g3 Nf6 3. Bg2 h6 4. 0-0 c6 5. d3 Bf5 6. h3 Nbd7 7. g4 Bh7 8. Bf4 g5 9. Bg3 Bg7 10. Nbd2 0-0 11. c4 e6 12. b4 Re8 13. Ne5 Nxe5 14. Bxe5 Nd7 15. Bxg7 Kxg7 16. Qb3 f5 17. gxf5 Bxf5 18. e4 dxe4 19. dxe4 Bg6 20. f4 gxf4 21. Rxf4 e5 22. Rf2 Nf6 23. Rd1 Qe7 24. Qc3 Rf8 25. Rdf1 Rae8 26. c5 Nd7 27. Nc4 Rxf2 28. Rxf2 Nxc5 29. bxc5 Qxc5 30. Qd3 Rf8 31. Ne3 Rxf2 32. Kxf2 Bf7 33. Qd7 b5 34. Bf3 Kf6 35. Qd8+ Kg7 36. Qd2 Qd4 37. Qc1 c5 38. Kg3 Bg6 39. Ng4 h5 40. Qh6+ Kf7 41. Ne3 Bxe4 42. Bxh5+ Ke7 43. Bg4 Kd8 44. Qg5+ Kc7 45. Bf3 Bxf3 46. Kxf3 1-0

[Event "POL-chT 3rd League Wielkopolska 12/13"]
[Site "Poznan"]
[Date "2013.02.03"]
[Round "7.7"]
[White "Nadstoga, Wojciech"]
[Black "Tomaszewski, Kacper"]
[Result "0-1"]
[WhiteElo "2039"]
[BlackElo "1961"]
[PlyCount "78"]
[EventDate "2012.11.25"]
[EventType "team-tourn"]
[EventRounds "11"]
[EventCountry "POL"]
[SourceTitle "EXT 2014"]
[Source "ChessBase"]
[SourceDate "2013.11.20"]
[SourceVersion "1"]
[SourceVersionDate "2013.11.20"]
[SourceQuality "1"]
[WhiteTeam "Wolsztyn UKS Szach"]
[BlackTeam "Jarocin JKSW"]
[WhiteTeamCountry "POL"]
[BlackTeamCountry "POL"]

1. Nf3 f5 2. g3 Nf6 3. Bg2 g6 4. d3 Bg7 5. Nbd2 d6 6. c3 e5 7. 0-0 Nc6 8. Re1 0-0 9. e4 Kh8 10. Nf1 fxe4 11. dxe4 h6 12. Qb3 Qe8 13. h3 Nd7 14. Qc2 Nb6 15. b3 Bxh3 16. Bxh3 Rxf3 17. Kg2 Rf8 18. Be3 Qf7 19. Qd2 Kh7 20. Rad1 Nd7 21. Bg4 Nf6 22. Bf3 Nd5 23. Nh2 Nxe3+ 24. Qxe3 Bf6 25. Qd3 Bg5 26. Rh1 Kg7 27. Rdf1 Nd8 28. Be2 Ne6 29. Qc2 Rad8 30. Bc4 c6 31. b4 h5 32. Qb3 d5 33. Bd3 Bh6 34. Qb1 Qf6 35. f3 Qg5 36. Kh3 Qd2 37. Rd1 Ng5+ 38. Kh4 Qg2 39. Bf1 Qxh1 0-1

[Event "POL-chT 3rd League Wielkopolska 12/13"]
[Site "Poznan"]
[Date "2013.01.06"]
[Round "4.31"]
[White "Nadstoga, Wojciech"]
[Black "Staniszewski, Pawel"]
[Result "0-1"]
[WhiteElo "2039"]
[BlackElo "2163"]
[PlyCount "86"]
[EventDate "2012.11.25"]
[EventType "team-tourn"]
[EventRounds "11"]
[EventCountry "POL"]
[SourceTitle "EXT 2014"]
[Source "ChessBase"]
[SourceDate "2013.11.20"]
[SourceVersion "1"]
[SourceVersionDate "2013.11.20"]
[SourceQuality "1"]
[WhiteTeam "Wolsztyn UKS Szach"]
[BlackTeam "Poznan Politechnika II"]
[WhiteTeamCountry "POL"]
[BlackTeamCountry "POL"]

1. Nf3 d5 2. g3 Nf6 3. Bg2 c5 4. d3 Nc6 5. Nbd2 e6 6. 0-0 Be7 7. Re1 0-0 8. c3 b6 9. e4 Bb7 10. e5 Nd7 11. Nf1 Qc7 12. Bf4 Rfc8 13. h4 d4 14. c4 a6 15. N1h2 b5 16. Ng4 Qd8 17. Ng5 Bxg5 18. Bxg5 Qc7 19. b3 Rab8 20. Qe2 Nf8 21. Bf4 Nb4 22. Bxb7 Rxb7 23. Bd2 bxc4 24. Bxb4 Rxb4 25. dxc4 a5 26. Qc2 Rcb8 27. Red1 h5 28. Nh2 Qxe5 29. Nf3 Qf6 30. Ng5 g6 31. Qe2 Nd7 32. Ne4 Qe5 33. f4 Qf5 34. Rd3 a4 35. Rb1 axb3 36. Rdxb3 Rxb3 37. Rxb3 Rxb3 38. axb3 Nf6 39. Nd6 Qb1+ 40. Kg2 Ng4 41. Qd2 Ne3+ 42. Kf3 Qh1+ 43. Ke2 Qf1# 0-1

[Event "POL-chT 3rd League Wielkopolska 12/13"]
[Site "Poznan"]
[Date "2012.11.25"]
[Round "1.25"]
[White "Bajerlein, Dawid"]
[Black "Nadstoga, Wojciech"]
[Result "1-0"]
[WhiteElo "2059"]
[BlackElo "2039"]
[PlyCount "75"]
[EventDate "2012.11.25"]
[EventType "team-tourn"]
[EventRounds "11"]
[EventCountry "POL"]
[SourceTitle "EXT 2014"]
[Source "ChessBase"]
[SourceDate "2013.11.20"]
[SourceVersion "1"]
[SourceVersionDate "2013.11.20"]
[SourceQuality "1"]
[WhiteTeam "Steszew Lipno"]
[BlackTeam "Wolsztyn UKS Szach"]
[WhiteTeamCountry "POL"]
[BlackTeamCountry "POL"]

1. d4 Nf6 2. c4 g6 3. Nf3 Bg7 4. g3 0-0 5. Bg2 a6 6. Nc3 d6 7. 0-0 Nbd7 8. h3 c6 9. a4 Qc7 10. e4 c5 11. d5 Ne5 12. Nxe5 dxe5 13. Be3 Bd7 14. a5 Rfb8 15. Na4 Bxa4 16. Qxa4 b5 17. axb6 Qxb6 18. Rfb1 Qd6 19. b4 Nd7 20. Qa5 Rc8 21. bxc5 Nxc5 22. Rb6 Qc7 23. Rc6 Qxa5 24. Rxc8+ Rxc8 25. Rxa5 Nb3 26. Rxa6 Nd4 27. c5 Bf8 28. c6 e6 29. Bf1 Kg7 30. Kg2 exd5 31. exd5 Rc7 32. Ra8 Be7 33. Bd2 Bd6 34. Ba5 Re7 35. Rd8 Nf5 36. g4 Bc7 37. Bxc7 Rxc7 38. gxf5 1-0

[Event "POL-chT3 Wielkopolska 1112"]
[Site "Poland"]
[Date "2012.??.??"]
[Round "4.31"]
[White "Nadstoga, Wojciech"]
[Black "Szadkowski, Kamil"]
[Result "1/2-1/2"]
[WhiteElo "2060"]
[BlackElo "2243"]
[PlyCount "126"]
[EventDate "2011.11.27"]
[EventType "team-tourn"]
[EventRounds "11"]
[EventCountry "POL"]
[SourceTitle "EXT 2014"]
[Source "ChessBase"]
[SourceDate "2013.11.20"]
[SourceVersion "1"]
[SourceVersionDate "2013.11.20"]
[SourceQuality "1"]
[WhiteTeam "Wolsztyn UKS Szach"]
[BlackTeam "Smecz Konin"]
[WhiteTeamCountry "POL"]
[BlackTeamCountry "POL"]

1. Nf3 c5 2. g3 d5 3. Bg2 Nc6 4. d3 g6 5. 0-0 Bg7 6. Nbd2 e6 7. Re1 Nge7 8. e4 0-0 9. c3 b6 10. e5 Ba6 11. Nf1 Qc7 12. Bf4 Rad8 13. Qd2 d4 14. c4 b5 15. b3 Rb8 16. h4 h5 17. N1h2 Qa5 18. Qd1 bxc4 19. dxc4 Rbd8 20. g4 hxg4 21. Ng5 d3 22. Nxg4 Nb4 23. Qd2 Qb6 24. Ne4 Nf5 25. Bg5 Nc2 26. Bf6 Rd4 27. Qg5 Nxe1 28. Rxe1 d2 29. Nxd2 Qa5 30. Nf3 Rxg4 31. Qxg4 Bb7 32. Re2 Bxf6 33. exf6 Bxf3 34. Bxf3 Qc3 35. h5 Qxf6 36. hxg6 fxg6 37. Rxe6 Qa1+ 38. Kg2 Rf6 39. Bd5 Kg7 40. Qg5 Rxe6 41. Bxe6 Nd4 42. Qxc5 Nxe6 43. Qe7+ Kh6 44. Qxe6 Qxa2 45. c5 Qa5 46. Qc4 Qd2 47. Qh4+ Kg7 48. Qe7+ Kg8 49. Qe6+ Kg7 50. c6 Qg5+ 51. Kf3 Qh5+ 52. Ke3 Qc5+ 53. Kd3 Qxf2 54. Qe7+ Kg8 55. c7 Qf3+ 56. Kc4 Qc6+ 57. Qc5 Qe4+ 58. Kb5 Qb7+ 59. Ka4 Qc8 60. Qxa7 Qg4+ 61. Kb5 Qd7+ 62. Kb4 Qd2+ 63. Kb5 Qd3+ 1/2-1/2

[Event "POL-chT 2nd League"]
[Site "Mrzezyno"]
[Date "2011.09.11"]
[Round "9.85"]
[White "Nadstoga, Wojciech"]
[Black "Steczek, Marcin"]
[Result "0-1"]
[WhiteElo "2057"]
[BlackElo "2409"]
[PlyCount "72"]
[EventDate "2011.09.03"]
[EventType "team-swiss"]
[EventRounds "9"]
[EventCountry "POL"]
[SourceTitle "EXT 2019"]
[Source "ChessBase"]
[SourceDate "2018.10.10"]
[SourceVersion "1"]
[SourceVersionDate "2018.10.10"]
[SourceQuality "1"]
[WhiteTeam "Wolsztyn UKS Szach"]
[BlackTeam "Konin Hetman"]
[WhiteTeamCountry "POL"]
[BlackTeamCountry "POL"]

1. Nf3 Nf6 2. g3 b6 3. Bg2 Bb7 4. 0-0 e6 5. d3 Be7 6. e4 d6 7. Nh4 Nfd7 8. f4 Bxh4 9. gxh4 Qxh4 10. Nc3 a6 11. d4 b5 12. a3 h5 13. Bf3 Nf6 14. Qe2 Nc6 15. Qd2 Ng4 16. d5 Nd4 17. Bd1 0-0 18. Qg2 exd5 19. Nxd5 Bxd5 20. exd5 Nf5 21. Bxg4 hxg4 22. Qf2 Qh5 23. Bd2 Rfe8 24. Rfe1 Nh4 25. Rxe8+ Rxe8 26. Bc3 Nf3+ 27. Kh1 Qxd5 28. Qg2 Qh5 29. Rf1 Re3 30. Rf2 d5 31. Re2 Rxe2 32. Qxe2 g3 33. Qg2 Qxh2+ 34. Qxh2 gxh2 35. Be5 c6 36. Bc7 Kh7 0-1

[Event "Zbaszyn-ch"]
[Site "Zbaszyn"]
[Date "2010.02.06"]
[Round "2.3"]
[White "Anglart, Edward"]
[Black "Nadstoga, Wojciech"]
[Result "0-1"]
[WhiteElo "1924"]
[BlackElo "2041"]
[PlyCount "69"]
[EventDate "2010.02.06"]
[EventType "tourn"]
[EventRounds "7"]
[EventCountry "POL"]
[SourceTitle "EXT 2023"]
[Source "ChessBase"]
[SourceDate "2022.10.05"]
[SourceVersion "1"]
[SourceVersionDate "2022.10.05"]
[SourceQuality "1"]

1. e4 d6 2. d4 g6 3. Nf3 Bg7 4. Bc4 Nf6 5. Nbd2 0-0 6. 0-0 Ne8 7. c3 e5 8. Re1 h6 9. h3 Nd7 10. Nf1 c6 11. Be3 Qe7 12. Qd2 Kh7 13. Qc2 Nc7 14. Rad1 a5 15. a4 Re8 16. Ba2 b6 17. Qb3 Rf8 18. Qa3 c5 19. b4 axb4 20. cxb4 exd4 21. Bf4 Ne5 22. Bxe5 dxe5 23. bxc5 Nb5 24. Qb3 Nc3 25. Qxb6 Nxa2 26. Rd2 Rxa4 27. Qb3 Nc3 28. Rc2 Be6 29. Qb6 Rc8 30. c6 Qc7 31. Qb7 Qxc6 32. Qe7 Qc7 33. Qh4 Kg8 34. g4 d3 35. Rd2 0-1